00992nam a2200205 a 450000500170000000800410001702000180005805000270007610000190010324501730012226000300029530000070032544000150033250000180034752001960036565000490056165000280061099900190063895201290065720140412111408.0061207s19uu xx 00 eng d a0-439-28231-4 aTR(GS 372.46bL49 2003 aLeber Nancy J. aPicture Sorting for Phonemic Awareness / :bReproducible Picture Cards With Hands-On SOrting Games And Activities That Get Kids Ready For Reading /cNancy Jolson Leber. aUSA :bscholastic,c2003. a64 aScholastic aGrades Prek-k aSort picture cards by beginning sounds,rmyming words,number of syllables,and number of phonemes.Includes dozens and dozens of reproducible picture cards,as well as assessment ideas and games. aEnglish laguage-phonemics-study and teaching aReading phonetic method c105596d105596 00104050aELbELcTRd2006-12-07eBookDriveg225.00l0oTR(GS 372.46 L49 2003pE10401r2014-04-12 00:00:00w2014-04-12yBK